<?xml version="1.0" encoding="UTF-8"?>
<record
    xmlns:xsi="http://www.w3.org/2001/XMLSchema-instance"
    xsi:schemaLocation="http://www.loc.gov/MARC21/slim http://www.loc.gov/standards/marcxml/schema/MARC21slim.xsd"
    xmlns="http://www.loc.gov/MARC21/slim">

  <leader>01984nam a22002777a 4500</leader>
  <controlfield tag="003">OSt</controlfield>
  <controlfield tag="005">20240530122700.0</controlfield>
  <controlfield tag="008">240530s2015    ag ||||| |||| 00| 1 spa d</controlfield>
  <datafield tag="040" ind1=" " ind2=" ">
    <subfield code="c">besoc</subfield>
  </datafield>
  <datafield tag="245" ind1="0" ind2="0">
    <subfield code="a">Otredades :</subfield>
    <subfield code="b">Antolog&#xED;a del 1er Concurso literario del Centro Universitario Rosario Inclusiva</subfield>
  </datafield>
  <datafield tag="260" ind1=" " ind2=" ">
    <subfield code="a">Rosario :</subfield>
    <subfield code="b">Instituto Universitario del Gran Rosario :</subfield>
    <subfield code="b">Centro Universitario Rosario Inclusiva,</subfield>
    <subfield code="c">2015</subfield>
  </datafield>
  <datafield tag="300" ind1=" " ind2=" ">
    <subfield code="a">69 p.</subfield>
  </datafield>
  <datafield tag="505" ind1="0" ind2=" ">
    <subfield code="a">El ayudante del zorro / Fernando Pellegrinet -- Incorrespondencias / Luc&#xED;a Briguet -- Algo flota en la basura / Valent&#xED;n Gilardoni -- La otra trama / Valent&#xED;n Gilardoni -- El mundo afuera / Federico Ferroggiaro -- Sujetos vistos desde arriba / Roc&#xED;o Eraso -- El representante (el silencio y la sombra) / Lucas Pauinovich -- Cam&#xF3;n / Julia L&#xF3;pez Dabat -- Viaje al ojo del Microcosmus marinus / Maribel Bruzzo -- Diagn&#xF3;stico / Sebasti&#xE1;n Rogelio Ocampo.-</subfield>
  </datafield>
  <datafield tag="520" ind1="0" ind2=" ">
    <subfield code="a">El mundo est&#xE1; hecho de lo otro, del dram&#xE1;tico milagro del cambio sin comienzo, del ca&#xF3;tico destino de no tener d&#xF3;nde llegar. La diferencia nos abre a la maravilla de ya no saber qui&#xE9;nes somos, a reconocer al otro como una puerta de salida o de entrada.
Desde el Centro Universitario Rosario Inclusiva queremos dar el debate, abrirnos a la reflexi&#xF3;n y al di&#xE1;logo para producir nuevas perspectivas y ayudar a construir un mundo donde quepan muchos mundos, cada vez m&#xE1;s y m&#xE1;s extra&#xF1;os (...). Ese otro es quien nos dispara al centro del coraz&#xF3;n sus preguntas inc&#xF3;modas. [Nota del editor]</subfield>
  </datafield>
  <datafield tag="650" ind1=" " ind2="4">
    <subfield code="a">Literatura argentina</subfield>
    <subfield code="v">Cuentos</subfield>
    <subfield code="x">Siglo XXI</subfield>
  </datafield>
  <datafield tag="700" ind1="1" ind2=" ">
    <subfield code="a">Pellegrinet, Fernando,</subfield>
    <subfield code="e">autor</subfield>
  </datafield>
  <datafield tag="700" ind1="1" ind2=" ">
    <subfield code="a">Briguet, Luc&#xED;a,</subfield>
    <subfield code="e">autor</subfield>
  </datafield>
  <datafield tag="700" ind1="1" ind2=" ">
    <subfield code="a">Gilardoni, Valent&#xED;n,</subfield>
    <subfield code="e">autor</subfield>
  </datafield>
  <datafield tag="700" ind1="1" ind2=" ">
    <subfield code="a">Ferroggiaro, Federico,</subfield>
    <subfield code="e">autor</subfield>
  </datafield>
  <datafield tag="700" ind1="1" ind2=" ">
    <subfield code="a">Eraso, Roc&#xED;o </subfield>
    <subfield code="e">autor</subfield>
  </datafield>
  <datafield tag="700" ind1="1" ind2=" ">
    <subfield code="a">Pauinovich, Lucas,</subfield>
    <subfield code="e">autor</subfield>
  </datafield>
  <datafield tag="700" ind1="1" ind2=" ">
    <subfield code="a">L&#xF3;pez Dabat, Julia,</subfield>
    <subfield code="e">autor</subfield>
  </datafield>
  <datafield tag="700" ind1="1" ind2=" ">
    <subfield code="a">Bruzzo, Maribel,</subfield>
    <subfield code="e">autor</subfield>
  </datafield>
  <datafield tag="700" ind1="1" ind2=" ">
    <subfield code="a">Ocampo, Sebasti&#xE1;n Rogelio,</subfield>
    <subfield code="e">autor</subfield>
  </datafield>
  <datafield tag="942" ind1=" " ind2=" ">
    <subfield code="2">udc</subfield>
    <subfield code="c">OG</subfield>
    <subfield code="n">0</subfield>
  </datafield>
  <datafield tag="999" ind1=" " ind2=" ">
    <subfield code="c">262</subfield>
    <subfield code="d">262</subfield>
  </datafield>
  <datafield tag="952" ind1=" " ind2=" ">
    <subfield code="0">0</subfield>
    <subfield code="1">0</subfield>
    <subfield code="2">udc</subfield>
    <subfield code="4">0</subfield>
    <subfield code="7">0</subfield>
    <subfield code="8">CG</subfield>
    <subfield code="a">ESOCIALES</subfield>
    <subfield code="b">ESOCIALES</subfield>
    <subfield code="d">2024-05-30</subfield>
    <subfield code="l">0</subfield>
    <subfield code="o">82-34(821.6) OT88</subfield>
    <subfield code="p">000891</subfield>
    <subfield code="r">2024-05-30 00:00:00</subfield>
    <subfield code="t">1</subfield>
    <subfield code="w">2024-05-30</subfield>
    <subfield code="y">OG</subfield>
  </datafield>
  <datafield tag="952" ind1=" " ind2=" ">
    <subfield code="0">0</subfield>
    <subfield code="1">0</subfield>
    <subfield code="2">udc</subfield>
    <subfield code="4">0</subfield>
    <subfield code="7">0</subfield>
    <subfield code="8">CG</subfield>
    <subfield code="a">ESOCIALES</subfield>
    <subfield code="b">ESOCIALES</subfield>
    <subfield code="d">2024-05-30</subfield>
    <subfield code="l">0</subfield>
    <subfield code="o">82-34(821.6) OT88</subfield>
    <subfield code="p">000892</subfield>
    <subfield code="r">2024-05-30 00:00:00</subfield>
    <subfield code="t">2</subfield>
    <subfield code="w">2024-05-30</subfield>
    <subfield code="y">OG</subfield>
  </datafield>
</record>
